000 01267nam a2200325 c 4500
003 BLK
005 20250430173315.0
008 180410b bul|||||r ||||||| ||bul||
010 _aKNG00161072000
020 _a978-954-26-1329-9
_bиздат.: Хермес
040 _aBLK
041 _aBUL
_cBUL
072 7 _2bullib
_aН84
_xБългарска художествена литература Н
080 _aБългарска литература
_b821.163.2
_x-4
_z821.163.2-4
100 _aРайков, Димо Петков
_d1954-
_9292692
139 _aРайков, Димо Петков
_bР 27
245 1 0 _aДиагноза: Българин в чужбина
_bРазмисли за BG характера, демонстриран от нашенци в странство
_cДимо Петков Райков.
257 _aBGR
260 Пловдив
_bХермес
_c2014
_fХасково : Полиграфюг
300 _a216 с.
_c21 см
380 _a3
653 _aочерци
659 _aН
852 _aЦб 268917
856 4 _qpdf
_u
856 4 _qpdf
_u
942 _cKNG
_n0
_07
944 _aCR
_c22.05.2014
_lЦветелина Шанова
_k30531
944 _aED
_c17.06.2015
_lф /
_kПенка_Димитрова
999 _c154448
_d154448